000 00794nam a22001817a 4500
008 090720t xxu||||| |||| 00| 0 ara d
082 _222
_a306.089
_bش ر ا
100 1 _98081
_aشرابى ، هشام
245 1 0 _aأزمة المقفين العرب:
_b/نصوص مختارة
_cهشام شرابى
250 _aط 1.
260 _aبيروت:
_b،دار نلسن
_c2002
300 _a170ص ؛
_c20 سم
500 _aيشتمل على كشاف
650 _98082
_aالثقافة العربية
651 _98083
_aالدول العربية
_xالاحوال الاجتماعية
942 _2ddc
_cBB
999 _c12374
_d12374